Japan's modern myth : (Record no. 14420)

000 -LEADER
fixed length control field 00489pam a2200181 a 4500
020 ## - INTERNATIONAL STANDARD BOOK NUMBER
ISBN 083480168X
040 ## - CATALOGING SOURCE
Transcribing agency DLC
082 00 - DEWEY DECIMAL CLASSIFICATION NUMBER
Classification number 495 WEA 1982 A023 Or.
100 1# - MAIN ENTRY--AUTHOR NAME
Personal name Miller, Roy Andrew.
245 10 - TITLE STATEMENT
Title Japan's modern myth :
Remainder of title the language and beyond /
250 ## - EDITION STATEMENT
Edition statement 1st ed.
260 ## - PUBLICATION, DISTRIBUTION, ETC. (IMPRINT)
Place of publication New York :
Name of publisher Weatherhill,
Year of publication 1982.
300 ## - PHYSICAL DESCRIPTION
Number of Pages xii, 298 p. ;
Dimensions 23 cm.
500 ## - GENERAL NOTE
General note Includes index.
650 #0 - SUBJECT ADDED ENTRY--TOPICAL TERM
Topical Term Japanese language.
650 #0 - SUBJECT ADDED ENTRY--TOPICAL TERM
Topical Term National characteristics, Japanese.
942 ## - ADDED ENTRY ELEMENTS (KOHA)
Koha item type សៀវភៅភាសាអង់គ្លេស
952 ## - LOCATION AND ITEM INFORMATION (KOHA)
Withdrawn status [LOCAL, KOHA] 0
Holdings
Permanent Location Date acquired Koha item type Lost status Shelving location Barcode Current Location Full call number
Library Block A2017-10-16សៀវភៅភាសាអង់គ្លេស A024A14262Library Block A495 WEA 1982 A024 Or.
មជ្ឈមណ្ឌលឯការនៃសាកលវិទ្យាល័យភូមិន្ទកសិកម្មចំការដូង

Powered by Koha